| 000 | 00484nam a2200217Ia 4500 | ||
|---|---|---|---|
| 003 | IT-RoPAU | ||
| 008 | 120407s9999 xx 000 0 und d | ||
| 040 | _aIT-RoPAU | ||
| 040 | _cIT-RoPAU | ||
| 041 | _aita | ||
| 245 | _aEducazione sessuale falso problema? | ||
| 250 | _aMilano | ||
| 260 | _aPeriodici San Paolo | ||
| 260 | _c1975 | ||
| 300 | _a325 p. | ||
| 300 | _c25 cm | ||
| 490 | _v1 | ||
| 710 | _aCentro Internazionale Studi Famiglia | ||
| 942 | _cBK | ||
| 999 |
_c32624 _d32624 |
||